| 000 | 00919nam a2200205Ia 4500 | ||
|---|---|---|---|
| 008 | 0000002005 sp a 0000000000spa00 | ||
| 090 | _aPSP00 P27g3 | ||
| 100 | 1 |
_aPérez Villalta, Guillermo _d1948 |
|
| 245 | 1 | 0 |
_aGuillermo Pèrez Villalta _b: 2003-2005 _c/ traducción Lorraine Kerslake, Alicia Trullenque ; fotografas Oronoz |
| 300 |
_a43 p. _c/ 28 cm. |
||
| 500 | _aExposición realizada en la Galería Soledad Lorenzo, Madrid, Octubre 13 Noviembre 12, 2005 \ Con el patronazgo del maestro venezolano Jesús Rafael Soto (q.e.p.d.) | ||
| 600 | 0 | 0 |
_aPEREZ VILLALTA, GUILLERMO, 1948/ _xTRABAJOS PICTORICOS |
| 650 | 1 | 4 | _aARTE CONTEMPORANEO ESPAÑOL |
| 650 | 1 | 4 | _xCATALOGOS |
| 650 | 1 | 4 | _xEXPOSICIONES |
| 650 | 1 | 4 | _aPINTORES ESPAÑOLES |
| 650 | 1 | 4 | _aPINTURA ESPAÑOLA |
| 700 | 1 | _aKerslake, Lorraine, tr. \ Trullenque, Alicia, tr.\ Oronoz | |
| 999 |
_c4872 _d4872 |
||
| 260 |
_aMadrid : Galería Soledad Lorenzo _c2005 |
||